[Event "DVM U16 2021"]
[Site "Kiel GER"]
[Date "2022.07.24"]
[Round "4"]
[White "Mandelkow, Elias"]
[Black "Korek, Jakob Alexander"]
[Result "1-0"]
[Termination "normal"]
[Board "2.4"]
[WhiteElo "1732"]
[BlackElo "1611"]
[WhiteClock "00:27:58"]
[BlackClock "00:10:04"]
[WhiteTeam "Hamburger SK von 1830 eV"]
[BlackTeam "SV Königsjäger Süd-West e.V."]
[PlyCount "105"]
[WhiteFideId "16233239"]
[BlackFideId "16240022"]
[EventCountry "GER"]
[EventRounds "7"]
[EventType "team-swiss"]
[EventDate "2022.07.22"]

1. d4 {[%clk 01:30:22]} {[%emt 00:00:39]} d5 {[%clk 01:30:54]} {[%emt
00:00:05]} 2. c4 {[%clk 01:30:46]} {[%emt 00:00:05]} e6 {[%clk 01:30:58]}
{[%emt 00:00:26]} 3. Nc3 {[%clk 01:31:06]} {[%emt 00:00:10]} Nf6 {[%clk
01:31:08]} {[%emt 00:00:20]} 4. cxd5 {[%clk 01:31:07]} {[%emt 00:00:29]} exd5
{[%clk 01:31:31]} {[%emt 00:00:08]} 5. Bg5 {[%clk 01:31:32]} {[%emt 00:00:04]}
c6 {[%clk 01:31:42]} {[%emt 00:00:19]} 6. e3 {[%clk 01:31:43]} {[%emt
00:00:19]} Nbd7 {[%clk 01:31:42]} {[%emt 00:00:30]} 7. Bd3 {[%clk 01:31:34]}
{[%emt 00:00:39]} Bd6 {[%clk 01:31:22]} {[%emt 00:00:51]} 8. Nf3 {[%clk
01:29:32]} {[%emt 00:02:32]} O-O {[%clk 01:30:50]} {[%emt 00:01:00]} 9. O-O
{[%clk 01:29:47]} {[%emt 00:00:16]} Re8 {[%clk 01:29:51]} {[%emt 00:01:29]} 10.
a3 {[%clk 01:28:31]} {[%emt 00:01:47]} h6 {[%clk 01:29:13]} {[%emt 00:01:08]}
11. Bh4 {[%clk 01:28:56]} {[%emt 00:00:06]} Nf8 {[%clk 01:28:14]} {[%emt
00:01:28]} 12. Qc2 {[%clk 01:26:40]} {[%emt 00:02:45]} Bg4 {[%clk 01:25:59]}
{[%emt 00:02:45]} 13. Nd2 {[%clk 01:25:37]} {[%emt 00:01:33]} Bh5 {[%clk
01:25:17]} {[%emt 00:01:12]} 14. Kh1 {[%clk 01:14:11]} {[%emt 00:11:57]} Ng6
{[%clk 01:21:58]} {[%emt 00:03:48]} 15. Bxf6 {[%clk 01:11:32]} {[%emt
00:03:10]} Qxf6 {[%clk 01:22:02]} {[%emt 00:00:26]} 16. Be2 {[%clk 01:08:58]}
{[%emt 00:03:03]} Bxe2 {[%clk 01:19:28]} {[%emt 00:03:04]} 17. Nxe2 {[%clk
01:09:23]} {[%emt 00:00:05]} Nf8 {[%clk 01:14:36]} {[%emt 00:05:22]} 18. b4
{[%clk 01:06:00]} {[%emt 00:03:52]} Qg6 {[%clk 01:13:23]} {[%emt 00:01:44]} 19.
Qxg6 {[%clk 01:01:44]} {[%emt 00:04:47]} Nxg6 {[%clk 01:13:37]} {[%emt
00:00:15]} 20. b5 {[%clk 01:01:40]} {[%emt 00:00:33]} Ne7 {[%clk 01:09:50]}
{[%emt 00:04:18]} 21. Nc3 {[%clk 00:55:33]} {[%emt 00:06:38]} Rec8 {[%clk
01:08:27]} {[%emt 00:01:52]} 22. Nb3 {[%clk 00:53:39]} {[%emt 00:02:24]} a6
{[%clk 01:07:06]} {[%emt 00:01:51]} 23. Na4 {[%clk 00:49:50]} {[%emt 00:04:19]}
Re8 {[%clk 00:57:34]} {[%emt 00:10:02]} 24. bxc6 {[%clk 00:48:03]} {[%emt
00:02:17]} bxc6 {[%clk 00:53:46]} {[%emt 00:04:19]} 25. Rfc1 {[%clk 00:44:21]}
{[%emt 00:04:11]} a5 {[%clk 00:47:55]} {[%emt 00:06:21]} 26. Rc2 {[%clk
00:41:19]} {[%emt 00:03:32]} Reb8 {[%clk 00:40:30]} {[%emt 00:07:55]} 27. Nbc5
{[%clk 00:35:52]} {[%emt 00:05:57]} Rb5 {[%clk 00:34:37]} {[%emt 00:06:24]} 28.
g3 {[%clk 00:31:24]} {[%emt 00:04:57]} Rc8 {[%clk 00:17:11]} {[%emt 00:17:56]}
29. Rac1 {[%clk 00:29:03]} {[%emt 00:02:51]} Nf5 {[%clk 00:13:10]} {[%emt
00:04:31]} 30. Kg2 {[%clk 00:20:53]} Kf8 {[%clk 00:07:41]} {[%emt 00:14:39]}
31. Nc3 {[%clk 00:18:58]} Rbb8 {[%clk 00:05:24]} {[%emt 00:05:12]} 32. Nd7+
{[%clk 00:19:04]} Ke8 {[%clk 00:05:48]} {[%emt 00:00:31]} 33. Nxb8 {[%clk
00:19:19]} Rxb8 {[%clk 00:05:37]} {[%emt 00:00:54]} 34. Rb1 {[%clk 00:18:08]}
Rxb1 {[%clk 00:05:20]} {[%emt 00:02:29]} 35. Nxb1 {[%clk 00:18:31]} Kd7 {[%clk
00:05:27]} {[%emt 00:00:30]} 36. a4 {[%clk 00:18:30]} Bb4 {[%clk 00:05:01]}
{[%emt 00:01:27]} 37. Nd2 {[%clk 00:18:12]} Nd6 {[%clk 00:04:12]} {[%emt
00:02:07]} 38. g4 {[%clk 00:16:49]} g5 {[%clk 00:00:55]} {[%emt 00:05:40]} 39.
f3 {[%clk 00:14:01]} f5 {[%clk 00:00:33]} {[%emt 00:04:10]} 40. h3 {[%emt
00:00:37]} Ba3 {[%emt 00:03:15]} 41. Kf2 {[%clk 00:37:34]} {[%emt 00:04:08]}
Bb4 {[%clk 00:25:46]} {[%emt 00:05:14]} 42. Ke2 {[%clk 00:35:29]} {[%emt
00:02:35]} f4 {[%clk 00:17:44]} {[%emt 00:08:32]} 43. exf4 {[%clk 00:34:59]}
{[%emt 00:01:00]} gxf4 {[%clk 00:18:04]} {[%emt 00:00:10]} 44. Kd3 {[%clk
00:34:32]} {[%emt 00:00:57]} Nf7 {[%clk 00:16:39]} {[%emt 00:01:55]} 45. h4
{[%clk 00:33:21]} {[%emt 00:01:42]} Kd6 {[%clk 00:11:24]} {[%emt 00:05:44]} 46.
Rc1 {[%clk 00:31:44]} {[%emt 00:02:07]} c5 {[%clk 00:11:14]} {[%emt 00:00:40]}
47. dxc5+ {[%clk 00:31:09]} {[%emt 00:01:05]} Bxc5 {[%clk 00:11:31]} {[%emt
00:00:13]} 48. Nb3 {[%clk 00:30:10]} {[%emt 00:01:29]} Ne5+ {[%clk 00:11:02]}
{[%emt 00:00:59]} 49. Ke2 {[%clk 00:30:30]} {[%emt 00:00:11]} Be3 {[%clk
00:10:52]} {[%emt 00:00:39]} 50. Rc8 {[%clk 00:28:56]} {[%emt 00:02:04]} Kd7
{[%clk 00:10:46]} {[%emt 00:00:37]} 51. Ra8 {[%clk 00:28:25]} {[%emt 00:01:01]}
d4 {[%clk 00:10:51]} {[%emt 00:00:25]} 52. Nc5+ {[%clk 00:27:44]} {[%emt
00:01:10]} Kd6 {[%clk 00:10:04]} {[%emt 00:01:16]} 53. Nd3 {[%clk 00:27:58]}
{[%emt 00:00:16]} 1-0

[Event "DVM U16 2021"]
[Site "Kiel GER"]
[Date "2022.07.24"]
[Round "4"]
[White "Albert, Markus"]
[Black "Müller, Magnus"]
[Result "1/2-1/2"]
[Termination "normal"]
[Board "3.1"]
[WhiteElo "2010"]
[BlackElo "2021"]
[WhiteClock "00:24:37"]
[BlackClock "00:42:26"]
[WhiteTeam "SC Ansbach 1855 e.V."]
[BlackTeam "ESV Gera"]
[PlyCount "83"]
[WhiteFideId "16292626"]
[BlackFideId "16230060"]
[EventCountry "GER"]
[EventRounds "7"]
[EventType "team-swiss"]
[EventDate "2022.07.22"]

1. e4 {[%clk 01:30:57]} {[%emt 00:00:02]} c5 {[%clk 01:30:08]} {[%emt
00:00:53]} 2. f4 {[%clk 01:29:00]} {[%emt 00:02:26]} d5 {[%clk 01:29:55]}
{[%emt 00:00:44]} 3. Nf3 {[%clk 01:29:13]} {[%emt 00:00:17]} dxe4 {[%clk
01:29:23]} {[%emt 00:01:01]} 4. Ng5 {[%clk 01:29:37]} {[%emt 00:00:06]} Nf6
{[%clk 01:27:37]} {[%emt 00:02:16]} 5. Bc4 {[%clk 01:29:49]} {[%emt 00:00:18]}
e6 {[%clk 01:27:33]} {[%emt 00:00:34]} 6. Nc3 {[%clk 01:29:51]} {[%emt
00:00:28]} Nc6 {[%clk 01:24:23]} {[%emt 00:03:39]} 7. a3 {[%clk 01:23:20]}
{[%emt 00:07:02]} a6 {[%clk 01:20:15]} {[%emt 00:04:38]} 8. Ngxe4 {[%clk
01:19:24]} {[%emt 00:04:26]} b5 {[%clk 01:15:58]} {[%emt 00:04:47]} 9. Ba2
{[%clk 01:04:20]} {[%emt 00:15:35]} Nxe4 {[%clk 01:08:14]} {[%emt 00:08:14]}
10. Nxe4 {[%clk 01:04:38]} {[%emt 00:00:10]} Qh4+ {[%clk 01:07:39]} {[%emt
00:01:06]} 11. g3 {[%clk 01:02:07]} {[%emt 00:03:00]} Qh3 {[%clk 01:04:55]}
{[%emt 00:03:14]} 12. Ng5 {[%clk 00:37:00]} {[%emt 00:25:37]} Qg2 {[%clk
01:04:57]} {[%emt 00:00:28]} 13. Qf3 {[%clk 00:37:25]} {[%emt 00:00:05]} Qxf3
{[%clk 01:05:03]} {[%emt 00:00:25]} 14. Nxf3 {[%clk 00:37:48]} {[%emt
00:00:06]} Bb7 {[%clk 01:05:06]} {[%emt 00:00:27]} 15. Rf1 {[%clk 00:37:38]}
{[%emt 00:00:41]} Be7 {[%clk 01:02:10]} {[%emt 00:03:25]} 16. d3 {[%clk
00:37:15]} {[%emt 00:00:54]} O-O {[%clk 01:01:09]} {[%emt 00:01:30]} 17. Be3
{[%clk 00:36:57]} {[%emt 00:00:48]} a5 {[%clk 00:53:29]} {[%emt 00:08:11]} 18.
Kf2 {[%clk 00:33:31]} {[%emt 00:03:56]} Rfd8 {[%clk 00:52:35]} {[%emt
00:01:24]} 19. Rfe1 {[%clk 00:31:39]} {[%emt 00:02:22]} Rac8 {[%clk 00:51:02]}
{[%emt 00:02:03]} 20. Re2 {[%clk 00:26:43]} {[%emt 00:05:26]} Bd6 {[%clk
00:46:53]} {[%emt 00:04:39]} 21. a4 {[%clk 00:14:49]} {[%emt 00:12:23]} b4
{[%clk 00:45:57]} {[%emt 00:01:26]} 22. Nd2 {[%clk 00:14:36]} {[%emt 00:00:44]}
Nd4 {[%clk 00:38:18]} {[%emt 00:08:07]} 23. Bxd4 {[%clk 00:14:34]} {[%emt
00:00:33]} cxd4 {[%clk 00:38:43]} {[%emt 00:00:05]} 24. Bc4 {[%clk 00:13:07]}
{[%emt 00:01:57]} Kf8 {[%clk 00:31:10]} {[%emt 00:08:03]} 25. Rae1 {[%clk
00:06:17]} {[%emt 00:07:22]} Rc5 {[%clk 00:21:42]} {[%emt 00:09:57]} 26. Bb3
{[%clk 00:02:46]} {[%emt 00:04:01]} Bc7 {[%clk 00:21:15]} {[%emt 00:00:57]} 27.
Ne4 {[%clk 00:02:29]} {[%emt 00:00:46]} Rf5 {[%clk 00:21:14]} {[%emt 00:00:32]}
28. Kg1 {[%clk 00:01:19]} {[%emt 00:01:40]} h6 {[%clk 00:20:16]} {[%emt
00:01:27]} 29. Nd2 {[%clk 00:01:23]} {[%emt 00:00:26]} Bc6 {[%clk 00:18:04]}
{[%emt 00:02:41]} 30. Nc4 {[%clk 00:01:16]} {[%emt 00:00:37]} Bd5 {[%clk
00:17:45]} {[%emt 00:00:50]} 31. Nd2 {[%clk 00:00:37]} {[%emt 00:01:09]} Bc6
{[%clk 00:17:59]} {[%emt 00:00:17]} 32. Nc4 {[%clk 00:00:33]} {[%emt 00:00:34]}
g5 {[%clk 00:16:42]} {[%emt 00:01:47]} 33. fxg5 {[%clk 00:00:37]} {[%emt
00:00:26]} hxg5 {[%clk 00:17:08]} {[%emt 00:00:03]} 34. Ne5 {[%clk 00:00:57]}
{[%emt 00:00:10]} Bf3 {[%clk 00:13:02]} {[%emt 00:04:36]} 35. Nxf3 {[%clk
00:00:54]} {[%emt 00:00:33]} Rxf3 {[%clk 00:13:28]} {[%emt 00:00:04]} 36. Kg2
{[%emt 00:00:26]} Rf5 {[%clk 00:13:33]} {[%emt 00:00:06]} 37. Re4 {[%clk
00:01:02]} {[%emt 00:00:46]} Kg7 {[%clk 00:13:53]} {[%emt 00:00:10]} 38. Rg4
{[%clk 00:00:37]} {[%emt 00:00:55]} Kf6 {[%clk 00:13:40]} {[%emt 00:00:42]} 39.
Ree4 {[%clk 00:00:33]} {[%emt 00:00:35]} Bb6 {[%clk 00:13:08]} {[%emt
00:01:03]} 40. Re2 {[%clk 00:00:37]} {[%emt 00:00:25]} Bc7 {[%clk 00:12:34]}
{[%emt 00:01:03]} 41. Rge4 {[%clk 00:24:37]} {[%emt 00:06:31]} Re5 {[%clk
00:42:26]} {[%emt 00:00:37]} 42. Rf2+ {[%emt 00:03:13]} 1/2-1/2

[Event "DVM U16 2021"]
[Site "Kiel GER"]
[Date "2022.07.24"]
[Round "4"]
[White "Schubert, Nikita"]
[Black "Stark, Raphael"]
[Result "1-0"]
[Termination "normal"]
[Board "3.2"]
[WhiteElo "1949"]
[BlackElo "1667"]
[WhiteClock "00:18:54"]
[BlackClock "00:01:22"]
[WhiteTeam "ESV Gera"]
[BlackTeam "SC Ansbach 1855 e.V."]
[PlyCount "79"]
[WhiteFideId "16212339"]
[BlackFideId "16230043"]
[EventCountry "GER"]
[EventRounds "7"]
[EventType "team-swiss"]
[EventDate "2022.07.22"]

1. d4 {[%clk 01:30:49]} {[%emt 00:00:05]} c5 {[%clk 01:29:59]} 2. d5 {[%clk
01:31:13]} g6 {[%clk 01:27:15]} 3. Nf3 {[%clk 01:30:44]} Bg7 {[%clk 01:23:54]}
4. c4 {[%clk 01:30:41]} f5 {[%clk 01:18:45]} 5. e4 {[%clk 01:26:59]} d6 {[%clk
01:10:07]} 6. Be2 {[%clk 01:23:17]} Qa5+ {[%clk 01:03:09]} 7. Nbd2 {[%clk
01:19:32]} fxe4 {[%clk 01:02:39]} 8. Ng5 {[%clk 01:18:32]} Nf6 {[%clk
01:01:57]} 9. O-O {[%clk 01:12:12]} Bf5 {[%clk 00:58:07]} 10. g4 {[%clk
01:11:03]} Bc8 {[%clk 00:53:40]} 11. Ndxe4 {[%clk 01:07:34]} O-O {[%clk
00:46:50]} 12. Ng3 {[%clk 01:05:13]} h6 {[%clk 00:39:04]} 13. Ne6 {[%clk
01:05:18]} Bxe6 {[%clk 00:39:28]} 14. dxe6 {[%clk 01:00:35]} Nh7 {[%clk
00:21:00]} 15. Qc2 {[%clk 00:56:52]} Rf6 {[%clk 00:16:27]} 16. h4 {[%clk
00:53:44]} Nc6 {[%clk 00:13:39]} 17. g5 {[%clk 00:51:45]} Nd4 {[%clk 00:12:37]}
18. Qd3 {[%clk 00:48:30]} Nxe2+ {[%clk 00:12:42]} 19. Nxe2 {[%clk 00:44:50]}
hxg5 {[%clk 00:13:00]} 20. hxg5 {[%clk 00:41:56]} Rf5 {[%clk 00:12:47]} 21. Ng3
{[%clk 00:41:05]} Raf8 {[%clk 00:12:33]} 22. Nxf5 {[%clk 00:41:12]} Rxf5 {[%clk
00:11:22]} 23. f4 {[%clk 00:39:30]} Qb6 {[%clk 00:07:52]} 24. Kh2 {[%clk
00:38:04]} Qc6 {[%clk 00:04:31]} 25. Rb1 {[%clk 00:31:00]} d5 {[%clk 00:04:48]}
26. cxd5 {[%clk 00:28:39]} Qa4 {[%clk 00:00:58]} 27. Bd2 {[%clk 00:27:15]} Qxa2
{[%clk 00:00:51]} 28. d6 {[%clk 00:25:00]} exd6 {[%clk 00:00:36]} 29. e7 {[%clk
00:23:33]} Qa4 {[%clk 00:01:04]} 30. Rfe1 {[%clk 00:22:21]} Qe8 {[%clk
00:01:23]} 31. Qxd6 {[%clk 00:21:27]} Bd4 {[%clk 00:00:47]} 32. Bc3 {[%clk
00:20:18]} Bxc3 {[%clk 00:01:15]} 33. bxc3 {[%clk 00:20:31]} b6 {[%clk
00:00:59]} 34. Re6 {[%clk 00:19:48]} Kf7 {[%clk 00:00:55]} 35. Rxg6 {[%clk
00:19:25]} Nxg5 {[%clk 00:00:37]} 36. fxg5 {[%clk 00:19:04]} Qh8+ {[%clk
00:00:49]} 37. Kg1 {[%clk 00:18:28]} Qc8 {[%clk 00:00:48]} 38. Rf6+ {[%clk
00:18:26]} Kg7 {[%clk 00:01:03]} 39. Rxf5 {[%clk 00:18:54]} Qxf5 {[%clk
00:01:22]} 40. Qf6+ 1-0

[Event "DVM U16 2021"]
[Site "Kiel GER"]
[Date "2022.07.24"]
[Round "4"]
[White "Troßmann, Max"]
[Black "Frank, Marek"]
[Result "1-0"]
[Termination "normal"]
[Board "3.3"]
[WhiteElo "1785"]
[BlackElo "1551"]
[WhiteClock "00:42:24"]
[BlackClock "00:25:36"]
[WhiteTeam "SC Ansbach 1855 e.V."]
[BlackTeam "ESV Gera"]
[PlyCount "85"]
[WhiteFideId "16292634"]
[BlackFideId "16239520"]
[EventCountry "GER"]
[EventRounds "7"]
[EventType "team-swiss"]
[EventDate "2022.07.22"]

1. e4 {[%clk 01:30:57]} {[%emt 00:00:02]} c5 {[%clk 01:30:58]} {[%emt
00:00:03]} 2. b4 {[%clk 01:31:20]} {[%emt 00:00:07]} cxb4 {[%clk 01:30:20]}
{[%emt 00:01:08]} 3. a3 {[%clk 01:31:08]} {[%emt 00:00:42]} e5 {[%clk
01:25:29]} {[%emt 00:05:21]} 4. axb4 {[%clk 01:31:27]} {[%emt 00:00:11]} Nf6
{[%clk 01:24:27]} {[%emt 00:01:31]} 5. d3 {[%emt 00:01:15]} d5 {[%clk
01:23:27]} {[%emt 00:00:50]} 6. f3 {[%clk 01:24:41]} {[%emt 00:07:12]} dxe4
{[%clk 01:18:26]} {[%emt 00:05:30]} 7. fxe4 {[%clk 01:24:39]} Bxb4+ {[%clk
01:16:10]} {[%emt 00:03:18]} 8. c3 {[%emt 00:00:30]} Bc5 {[%clk 01:16:20]}
{[%emt 00:00:17]} 9. Nf3 {[%clk 01:23:38]} {[%emt 00:01:34]} Nc6 {[%clk
01:14:09]} {[%emt 00:02:39]} 10. h3 {[%clk 01:09:23]} {[%emt 00:14:47]} O-O
{[%clk 01:12:50]} {[%emt 00:01:49]} 11. Ba3 {[%clk 01:09:00]} {[%emt 00:00:54]}
Qb6 {[%clk 01:08:25]} {[%emt 00:04:51]} 12. Qc2 {[%clk 00:55:53]} {[%emt
00:13:40]} Rd8 {[%clk 00:53:33]} {[%emt 00:15:22]} 13. Bxc5 {[%clk 00:54:51]}
{[%emt 00:01:32]} Qxc5 {[%clk 00:53:56]} {[%emt 00:00:07]} 14. Qf2 {[%clk
00:53:31]} {[%emt 00:01:51]} Qd6 {[%clk 00:35:44]} {[%emt 00:18:40]} 15. Be2
{[%clk 00:52:51]} {[%emt 00:01:11]} a6 {[%clk 00:34:03]} {[%emt 00:02:11]} 16.
O-O {[%clk 00:53:10]} {[%emt 00:00:11]} Ne7 {[%clk 00:28:34]} {[%emt 00:05:59]}
17. Na3 {[%clk 00:51:29]} {[%emt 00:02:12]} b5 {[%clk 00:26:37]} {[%emt
00:02:26]} 18. Nxb5 {[%clk 00:51:25]} {[%emt 00:00:35]} Qc6 {[%clk 00:25:03]}
{[%emt 00:02:03]} 19. Na3 {[%clk 00:47:15]} {[%emt 00:04:41]} Ng6 {[%clk
00:23:39]} {[%emt 00:01:54]} 20. Rfc1 {[%clk 00:46:07]} {[%emt 00:01:37]} Qc7
{[%clk 00:20:32]} {[%emt 00:03:37]} 21. Bf1 {[%clk 00:40:08]} {[%emt 00:06:29]}
Rb8 {[%clk 00:14:01]} {[%emt 00:07:02]} 22. g3 {[%clk 00:35:40]} {[%emt
00:04:58]} Be6 {[%clk 00:10:35]} {[%emt 00:03:54]} 23. Ng5 {[%clk 00:33:39]}
{[%emt 00:02:32]} Bb3 {[%clk 00:08:17]} {[%emt 00:02:47]} 24. Kh2 {[%clk
00:24:25]} {[%emt 00:09:45]} Qe7 {[%clk 00:05:50]} {[%emt 00:02:57]} 25. Nf3
{[%clk 00:24:17]} {[%emt 00:00:39]} Rdc8 {[%clk 00:05:30]} {[%emt 00:00:49]}
26. c4 {[%clk 00:24:15]} {[%emt 00:00:33]} h5 {[%clk 00:03:29]} {[%emt
00:02:30]} 27. Nc2 {[%clk 00:23:01]} {[%emt 00:01:44]} Qd6 {[%clk 00:02:09]}
{[%emt 00:01:50]} 28. Ne3 {[%clk 00:22:08]} {[%emt 00:01:23]} Ra8 {[%clk
00:01:27]} {[%emt 00:01:11]} 29. Nf5 {[%clk 00:21:01]} {[%emt 00:01:38]} Qc7
{[%clk 00:00:57]} {[%emt 00:00:56]} 30. Rcb1 {[%clk 00:20:02]} {[%emt
00:01:33]} Rcb8 {[%clk 00:01:14]} {[%emt 00:00:13]} 31. Ra3 {[%clk 00:19:34]}
{[%emt 00:00:58]} Bxc4 {[%clk 00:00:41]} {[%emt 00:01:04]} 32. Rc1 {[%clk
00:18:33]} {[%emt 00:01:30]} Qd7 {[%clk 00:00:31]} {[%emt 00:00:40]} 33. Rxc4
{[%clk 00:18:45]} {[%emt 00:00:18]} Qe6 {[%clk 00:00:34]} {[%emt 00:00:26]} 34.
Ng5 {[%clk 00:18:49]} {[%emt 00:00:27]} Qe8 {[%clk 00:00:35]} {[%emt 00:00:28]}
35. Rca4 {[%clk 00:16:33]} {[%emt 00:02:47]} Qc6 {[%clk 00:00:31]} {[%emt
00:00:33]} 36. Bg2 {[%clk 00:16:29]} {[%emt 00:00:35]} Qc1 {[%clk 00:00:38]}
{[%emt 00:00:23]} 37. Nf3 {[%clk 00:15:33]} {[%emt 00:01:26]} Rb2 {[%clk
00:01:05]} {[%emt 00:00:03]} 38. Qe3 {[%clk 00:15:21]} {[%emt 00:00:42]} Qc2
{[%clk 00:01:25]} {[%emt 00:00:10]} 39. Ne1 {[%clk 00:14:57]} {[%emt 00:00:53]}
Qd1 {[%clk 00:00:47]} {[%emt 00:01:07]} 40. Ra1 {[%clk 00:13:01]} {[%emt
00:02:29]} Qb3 {[%clk 00:01:11]} {[%emt 00:00:04]} 41. Nd6 {[%clk 00:13:01]}
{[%emt 00:00:30]} h4 {[%clk 00:27:30]} {[%emt 00:04:11]} 42. Nc4 {[%clk
00:42:41]} {[%emt 00:00:51]} hxg3+ {[%clk 00:25:36]} {[%emt 00:02:23]} 43. Kxg3
{[%clk 00:42:24]} {[%emt 00:00:48]} 1-0

[Event "DVM U16 2021"]
[Site "Kiel GER"]
[Date "2022.07.24"]
[Round "4"]
[White "Barz, Henrik"]
[Black "Seiler, Leon"]
[Result "1-0"]
[Termination "normal"]
[Board "3.4"]
[WhiteElo "1492"]
[BlackElo "1164"]
[WhiteClock "00:19:19"]
[BlackClock "00:31:41"]
[WhiteTeam "ESV Gera"]
[BlackTeam "SC Ansbach 1855 e.V."]
[PlyCount "71"]
[WhiteFideId "34628320"]
[BlackFideId "16292642"]
[EventCountry "GER"]
[EventRounds "7"]
[EventType "team-swiss"]
[EventDate "2022.07.22"]

1. e4 {[%clk 01:30:54]} {[%emt 00:00:04]} e5 {[%clk 01:31:24]} 2. Nf3 {[%clk
01:31:15]} Nc6 {[%clk 01:31:44]} 3. Bb5 {[%clk 01:31:37]} a6 {[%clk 01:31:32]}
4. Ba4 {[%clk 01:31:28]} Nf6 {[%clk 01:31:52]} 5. O-O {[%clk 01:31:11]} b5
{[%clk 01:32:15]} 6. Bb3 {[%clk 01:31:21]} Bc5 {[%clk 01:31:56]} 7. d3 {[%clk
01:31:07]} O-O {[%clk 01:29:46]} 8. c3 {[%clk 01:27:27]} d5 {[%clk 01:26:45]}
9. exd5 {[%clk 01:27:47]} Nxd5 {[%clk 01:26:58]} 10. Bg5 {[%clk 01:27:08]} Be7
{[%clk 01:25:11]} 11. Bxe7 {[%clk 01:27:03]} Ndxe7 {[%clk 01:17:34]} 12. Ng5
{[%clk 01:21:43]} h6 {[%clk 01:17:13]} 13. Ne4 {[%clk 01:20:06]} Bf5 {[%clk
01:13:36]} 14. Qf3 {[%clk 01:14:41]} Bg6 {[%clk 01:11:15]} 15. Nbd2 {[%clk
01:11:12]} Nf5 {[%clk 01:02:03]} 16. Nc5 {[%clk 01:05:01]} Na5 {[%clk
00:48:11]} 17. Bc2 {[%clk 00:55:07]} Nh4 {[%clk 00:47:23]} 18. Qe3 {[%clk
00:52:37]} Nc6 {[%clk 00:47:42]} 19. Nde4 {[%clk 00:51:59]} f5 {[%clk
00:46:06]} 20. Ne6 {[%clk 00:44:51]} Qe7 {[%clk 00:46:09]} 21. Nxf8 {[%clk
00:45:05]} Rxf8 {[%clk 00:43:27]} 22. Nd2 {[%clk 00:44:16]} f4 {[%clk
00:43:49]} 23. Qe2 {[%clk 00:30:29]} f3 {[%clk 00:42:57]} 24. Nxf3 {[%clk
00:30:34]} Bh5 {[%clk 00:42:41]} 25. Bb3+ {[%clk 00:30:13]} Kh8 {[%clk
00:43:04]} 26. Bd5 {[%clk 00:29:33]} Bxf3 {[%clk 00:41:24]} 27. Bxf3 {[%clk
00:29:45]} Rxf3 {[%clk 00:38:49]} 28. g3 {[%clk 00:27:25]} Qg5 {[%clk
00:38:55]} 29. Kh1 {[%clk 00:22:41]} Rf6 {[%clk 00:38:51]} 30. gxh4 {[%clk
00:23:03]} Qxh4 {[%clk 00:39:05]} 31. Qe4 {[%clk 00:21:34]} Qh3 {[%clk
00:31:05]} 32. f4 {[%clk 00:19:13]} Rxf4 {[%clk 00:31:18]} 33. Rxf4 {[%clk
00:19:02]} exf4 {[%clk 00:31:15]} 34. Qxc6 {[%clk 00:19:12]} f3 {[%clk
00:31:22]} 35. Qg6 {[%clk 00:19:19]} f2 {[%clk 00:31:41]} 36. Qg2 1-0

[Event "DVM U16 2021"]
[Site "Kiel GER"]
[Date "2022.07.24"]
[Round "4"]
[White "Herter, Arne"]
[Black "Danninger, Jannik"]
[Result "1-0"]
[Termination "normal"]
[Board "4.1"]
[WhiteElo "1951"]
[BlackElo "1840"]
[WhiteClock "00:07:05"]
[BlackClock "00:20:17"]
[WhiteTeam "Schachzwerge Magdeburg"]
[BlackTeam "TV Tegernsee"]
[PlyCount "51"]
[WhiteFideId "16255372"]
[BlackFideId "16226402"]
[EventCountry "GER"]
[EventRounds "7"]
[EventType "team-swiss"]
[EventDate "2022.07.22"]

1. e4 {[%clk 01:30:59]} {[%emt 00:06:04]} c5 {[%clk 01:30:53]} {[%emt
00:00:07]} 2. Nf3 {[%clk 01:31:23]} {[%emt 00:00:04]} d6 {[%clk 01:31:17]}
{[%emt 00:00:06]} 3. d4 {[%clk 01:31:47]} {[%emt 00:00:06]} cxd4 {[%clk
01:31:39]} {[%emt 00:00:07]} 4. Nxd4 {[%clk 01:32:10]} {[%emt 00:00:06]} Nf6
{[%clk 01:31:59]} {[%emt 00:00:11]} 5. Nc3 {[%clk 01:32:16]} {[%emt 00:00:24]}
g6 {[%clk 01:32:23]} {[%emt 00:00:06]} 6. Be3 {[%clk 01:32:33]} {[%emt
00:00:13]} Bg7 {[%clk 01:32:39]} {[%emt 00:00:14]} 7. f3 {[%clk 01:32:45]}
{[%emt 00:00:18]} O-O {[%clk 01:32:56]} {[%emt 00:00:13]} 8. Qd2 {[%clk
01:33:03]} {[%emt 00:00:13]} Nc6 {[%clk 01:33:11]} {[%emt 00:00:15]} 9. g4
{[%clk 01:33:19]} {[%emt 00:00:14]} Bd7 {[%clk 01:31:27]} {[%emt 00:02:14]} 10.
h4 {[%clk 01:25:38]} {[%emt 00:08:11]} h5 {[%clk 01:31:43]} {[%emt 00:00:14]}
11. gxh5 {[%clk 01:11:16]} {[%emt 00:14:52]} Nxh5 {[%clk 01:24:44]} {[%emt
00:07:29]} 12. Rg1 {[%clk 01:10:20]} {[%emt 00:01:26]} Nxd4 {[%clk 01:09:07]}
{[%emt 00:16:06]} 13. Bxd4 {[%clk 01:10:35]} {[%emt 00:00:16]} b5 {[%clk
01:08:49]} {[%emt 00:00:49]} 14. Bxg7 {[%clk 01:06:51]} {[%emt 00:04:13]} Kxg7
{[%clk 01:07:51]} {[%emt 00:01:28]} 15. O-O-O {[%clk 00:53:45]} {[%emt
00:13:37]} Kh7 {[%clk 01:06:17]} {[%emt 00:02:04]} 16. e5 {[%clk 00:45:19]}
{[%emt 00:08:56]} b4 {[%clk 01:01:02]} {[%emt 00:05:45]} 17. Ne4 {[%clk
00:34:14]} {[%emt 00:11:35]} Qb6 {[%clk 00:44:10]} {[%emt 00:17:21]} 18. Bd3
{[%clk 00:30:10]} {[%emt 00:04:34]} Kg7 {[%clk 00:31:15]} {[%emt 00:13:25]} 19.
Qg5 {[%clk 00:25:21]} {[%emt 00:05:19]} b3 {[%clk 00:23:57]} {[%emt 00:07:48]}
20. axb3 {[%clk 00:10:26]} {[%emt 00:15:25]} Qa5 {[%clk 00:21:57]} {[%emt
00:02:29]} 21. Qxh5 {[%clk 00:07:10]} {[%emt 00:03:48]} Qa1+ {[%clk 00:21:28]}
{[%emt 00:00:58]} 22. Kd2 {[%clk 00:07:34]} {[%emt 00:00:06]} Qxb2 {[%clk
00:21:50]} {[%emt 00:00:07]} 23. Nf6 {[%clk 00:06:21]} {[%emt 00:01:43]} Rh8
{[%clk 00:19:37]} {[%emt 00:02:44]} 24. Rxg6+ {[%clk 00:06:42]} {[%emt
00:00:09]} fxg6 {[%clk 00:19:54]} {[%emt 00:00:13]} 25. Qxg6+ {[%clk 00:07:05]}
{[%emt 00:00:07]} Kf8 {[%clk 00:20:17]} {[%emt 00:00:06]} 26. Nxd7# {[%emt
00:00:04]} 1-0